000 00532 a2200157 4500
005 20250619135843.0
020 _a978 1 915261 120
082 _a371.334 HAR
100 _aHARRISON, T.
245 _aFuture Proof: A Comprehensive Framework For Teaching Digital Citizenship In Schools
260 _aMelton,
_bJohn Catt Educational Ltd,
_c2022.
300 _a222p.: ill.; table.
_bReferences.
_c22cm.
700 _aPOLIZZI, G, MURFIN, S. & PEACHEY, L.
856 _yAccess online book
_fFuture Proof
_dwww.johncatt.com
942 _2ddc
_cBKS
999 _c4433
_d4433